Capoluoghi più vicini a Napoli - Statistics

Statistiche generali
  • Questo quiz è stato fatto 88 volte
  • Il punteggio medio è 12 su 15
Statistiche sulle risposte
Distanza (km) Capoluogo % Corretto
45 Avellino
97%
53 Benevento
97%
25 Caserta
97%
49 Salerno
97%
133 Latina
90%
85 Campobasso
88%
117 Frosinone
88%
132 Potenza
88%
127 Foggia
78%
83 Isernia
78%
182 L'Aquila
72%
179 Pescara
67%
167 Chieti
65%
177 Barletta
54%
175 Andria
46%
Nessun quiz corrispondente trovato
Distribuzione punteggi
Percentuale di utenti per punteggio
Percentile per numero di risposta
I tuoi punteggi nel tempo
Non hai fatto questo quiz